Česká a slovenská oftalmologie : časopis České a Slovenské oftalmologické společnosti.
Uložené v:
| Predchádzajúci názov: | Československá oftalmologie |
|---|---|
| Médium: | Časopis |
| Jazyk: | Czech Slovak English |
| Vydané: |
Praha :
Česká lékařská společnost J. E. Purkyně,
1995-9999.
|
| Témy: | |
| On-line prístup: | https://www.prolekare.cz/casopisy/ceska-slovenska-oftalmologie |
| Fyzický popis: |
zv. ; 30 cm. Má online vydanie: Česká a slovenská oftalmologie (Online), ISSN 1805-4447 |
| Tagy: |
Pridať tag
Žiadne tagy, Buďte prvý kto otaguje tento záznam!
|
Titul je dostupný aj v ... 

MARC
| LEADER | 00000nas a22000001a 4500 | ||
|---|---|---|---|
| 001 | 000299621 | ||
| 003 | SVKK | ||
| 005 | 20250123130513.0 | ||
| 008 | 960805c19959999xr br|p|||||||0|||b0cze|d | ||
| 022 | |a 1211-9059 | ||
| 040 | |a KE001 |b slo |e AACR2 | ||
| 041 | 0 | |a cze |a slo |a eng | |
| 044 | |a xr |c CZ | ||
| 080 | |a 617.7 |2 2006 | ||
| 210 | 0 | |a Čes. slov. oftal. |b (Print) | |
| 222 | 0 | |a Česká a slovenská oftalmologie |b (Print) | |
| 245 | 0 | 0 | |a Česká a slovenská oftalmologie : |b časopis České a Slovenské oftalmologické společnosti. |
| 246 | 3 | 1 | |a Czech and slovak ophthalmology |
| 260 | |a Praha : |b Česká lékařská společnost J. E. Purkyně, |c 1995-9999. | ||
| 300 | |a zv. ; |c 30 cm. | ||
| 310 | |a 6x ročne | ||
| 362 | 0 | |a Roč. 51, č. 1 (1995) - | |
| 500 | |a Predošlý podnázov do r. 2012: časopis České oftalmologické společnosti a Slovenské oftalmologické společnosti. | ||
| 500 | |a Na internete dostupné obsahy čísel a abstrakty články od č.6/1998 | ||
| 500 | |a V r. 2008 nastala zmena formátu z A5 na A4 | ||
| 500 | |a Indexované v MEDLINE / index Medicus ; EMBASE / Excerpta Medica ; Bibliographica Medica Čechoslovaca | ||
| 530 | |a Má online vydanie: Česká a slovenská oftalmologie (Online), ISSN 1805-4447 | ||
| 650 | 8 | |a 617.7 |2 MDT | |
| 650 | 9 | |a očné lekárstvo |2 SKP | |
| 650 | 9 | |a oftalmológia |2 SKP | |
| 780 | 0 | 0 | |t Československá oftalmologie |x 0009-059X |
| 856 | 4 | 1 | |u https://www.prolekare.cz/casopisy/ceska-slovenska-oftalmologie |
| 910 | |a KE001 |b A.176 | ||
| 998 | |a SE | ||
| 090 | |g CASOS |k Sklad |a A.176 |j 183024 |i 299671-280 |s Zviazaný časopis | ||
| 090 | |g CASOS |k Sklad |a A.176 |j 184605 |i 299671-290 |s Zviazaný časopis | ||
| 090 | |g CASOS |k Sklad |a A.176 |j 187392 |i 2720244082 |s Zviazaný časopis | ||
| 090 | |g CASOS |k Sklad |a A.176 |j 193423 |i 299671-270 |s Neprístupná | ||
| 090 | |g CASOS |k Sklad |a A.176 |j 199541 |i 2720187299 |s Zviazaný časopis | ||
| 090 | |g CASOS |k Sklad |a A.176 |j 201623 |i 299621-110 |s Zviazaný časopis | ||
| 090 | |g CASOS |k Sklad |a A.176 |j 201624 |i 299621-120 |s Dočasne nezv. | ||
| 090 | |g CASOS |k Sklad |a A.176 |j 204400 |i 2720259950 |s Zviazaný časopis | ||
| 090 | |g CASOS |k Sklad |a A.176 |j 211408 |i 299621-290 |s Zviazaný časopis | ||
| 090 | |g CASOS |k Sklad |a A.176 |j 211409 |i 299621-300 |s Zviazaný časopis | ||
| 090 | |g CASOS |k Sklad Pribinova prízemie |a A.176 |j 224917 |i 2720244879 |s Zviazaný časopis | ||
| 090 | |g CASOS |k Sklad Pribinova prízemie |a A.176 |j 232649 |i 2720246148 |s Zviazaný časopis | ||
| 090 | |g CASOS |k Sklad Pribinova 3. posch. |a A.176 |j 206656 |i 2720406067 |s Zviazaný časopis | ||
| 090 | |g CASOS |k Sklad Pribinova 3. posch. |a A.176 |j 221383 |i 2720399590 |s Zviazaný časopis | ||
| 090 | |g CASOS |k Sklad Pribinova 3. posch. |a A.176 |j 242372 |i 2720473560 |s Zviazaný časopis | ||
| 090 | |g CASOS |k Sklad Pribinova 3. posch. |a A.176 |j 245136 |i 2720473559 |s Zviazaný časopis | ||
| 090 | |g CASOS |k Sklad Pribinova 3. posch. |a A.176 |j 248715 |i 2720398920 |7 Príloha: Zaostrené na glaukóm |s Zviazaný časopis | ||
| 090 | |g CASOS |k Sklad Pribinova 3. posch. |a A.176 |j 251364 |i 2720449393 |s Zviazaný časopis | ||
| 090 | |g CASOS |k Sklad Pribinova 3. posch. |a A.176 |j 254266 |i 2720543618 |s Zviazaný časopis | ||
| 090 | |g CASOS |k Sklad Pribinova 3. posch. |a A.176 |j 257434 |i 2720701958 |s Zviazaný časopis | ||
| 090 | |g CASOS |k Sklad Pribinova 3. posch. |a A.176 |j 259896 |i 2720748508 |s Zviazaný časopis | ||
| 090 | |g CASOS |k Sklad Pribinova 3. posch. |a A.176 |j 261648 |i 2720781706 |s Zviazaný časopis | ||
| 090 | |g CASOS |k Sklad Pribinova suterén |a A.176 |j 188697 |i 2720398514 |s Zviazaný časopis | ||
| 090 | |g CASOS |k Sklad Pribinova suterén |a A.176 |j 215108 |i 2720172433 |s Neprístupná | ||
| 090 | |g CASOS |k Sklad Pribinova suterén |a A.176 |j 219561 |i 2720129396 |s Neprístupná | ||
| 090 | |g CASOS |k Sklad Pribinova suterén |a A.176 |j 229479 |i 2720238235 |s Zviazaný časopis | ||
| 090 | |g CASOS |k Sklad Zvonárska 19 |a A.176 |j 235510 |i 2720310925 |s Zviazaný časopis | ||
| 090 | |g CASOS |k Sklad Zvonárska 19 |a A.176 |j 239528 |i 2720310926 |s Zviazaný časopis | ||